[Event "Navarra-chT Preferente"]
[Site "Navarra"]
[Date "2012.10.13"]
[Round "1.4"]
[White "Munoz Arana, Miguel Angel"]
[Black "Lakunza Velasco, Ibai"]
[Result "1-0"]
[WhiteElo "2083"]
[BlackElo "1963"]
[PlyCount "127"]
[EventDate "2012.10.13"]
[EventType "team"]
[EventRounds "7"]
[EventCountry "ESP"]
[SourceTitle "EXT 2014"]
[Source "ChessBase"]
[SourceDate "2013.11.20"]
[SourceVersion "1"]
[SourceVersionDate "2013.11.20"]
[SourceQuality "1"]
[WhiteTeam "Oberena"]
[BlackTeam "Paz de Ziganda"]
[WhiteTeamCountry "ESP"]
[BlackTeamCountry "ESP"]

1. e4 c5 2. Nf3 d6 3. d4 cxd4 4. Nxd4 Nf6 5. Nc3 a6 6. f3 e6 7. Be3 b5 8. Qd2 Bb7 9. Bd3 Nbd7 10. g4 Nb6 11. 0-0-0 Qc7 12. g5 Nfd7 13. Kb1 Ne5 14. Qf2 Nec4 15. Bxc4 Nxc4 16. Bc1 g6 17. h4 Qb6 18. Rh2 0-0-0 19. b3 Na5 20. Be3 Qc7 21. Nde2 Nc6 22. Bb6 Qd7 23. h5 Re8 24. f4 Be7 25. Rdh1 Rhf8 26. hxg6 hxg6 27. Rh7 Nb8 28. Qe3 Qc6 29. Ba5 Qc5 30. Qd4 Nc6 31. Qxc5 dxc5 32. Bb6 Ba8 33. a4 b4 34. Nd1 e5 35. Ne3 exf4 36. Nd5 Bd6 37. Nf6 Re6 38. Rd1 a5 39. Rxd6 Rxd6 40. Bxc5 Rd1+ 41. Kb2 f3 42. Ng1 f2 43. Bxf2 Ne5 44. Nh3 Rfd8 45. Bg3 Nd3+ 46. cxd3 R8xd3 47. Rh8+ Kb7 48. Bf4 Rf3 49. Nd5 Rh1 50. Rh7 Rf2+ 51. Nxf2 Rxh7 52. Kc2 Rh4 53. Be3 Kb8 54. Nf6 Kc7 55. Kd3 Kd6 56. Kd4 Rh8 57. Bf4+ Kc6 58. N6g4 Re8 59. Ne5+ Kb6 60. Nfd3 Re7 61. Nc4+ Ka7 62. Nc5 Bc6 63. Nxa5 Be8 64. Bd6 1-0

[Event "Pamplona op"]
[Site "Pamplona"]
[Date "2005.12.23"]
[Round "1"]
[White "Narciso Dublan, Marc"]
[Black "Lakunza Velasco, Ibai"]
[Result "1-0"]
[WhiteElo "2464"]
[BlackElo "1899"]
[PlyCount "71"]
[EventDate "2005.12.23"]
[EventType "swiss"]
[EventRounds "9"]
[EventCountry "ESP"]
[SourceTitle "CBM 110 Extra"]
[Source "ChessBase"]
[SourceDate "2006.03.10"]
[SourceVersion "2"]
[SourceVersionDate "2006.03.10"]
[SourceQuality "1"]

1. e4 c5 2. Nf3 d6 3. Bb5+ Bd7 4. Bxd7+ Qxd7 5. 0-0 Nc6 6. b3 g6 7. Bb2 e5 8. c3 Bg7 9. d4 Rd8 10. Na3 Nf6 11. Qc2 0-0 12. Rad1 Qg4 13. Rfe1 Nh5 14. Nc4 Nf4 15. Ne3 Qh5 16. dxc5 dxc5 17. Rxd8 Rxd8 18. Rd1 Nh3+ 19. Kf1 Rxd1+ 20. Qxd1 Ng5 21. Nxg5 Qxg5 22. g3 Qd8 23. Qxd8+ Nxd8 24. Ke2 Kf8 25. Ba3 Ne6 26. Nc4 b6 27. Nd6 a6 28. Kd3 Bf6 29. Kc4 Be7 30. Nc8 Bd8 31. Kd5 Ke8 32. Kc6 Ng5 33. Nd6+ Ke7 34. Bc1 Ne6 35. Nc8+ Ke8 36. Nxb6 1-0